00387nam a2200133Ia 450000500170000000800410001702000150005808200130007310000320008624500370011826000370015530000130019250000480020520250509031649.0240331s9999 xx 000 0 und d a9555692181 a129bSUM aSumangala thera, Kanimahara 0aBraide Marfi ha :b antarabawaya aColombobRathna poth Publication a210 p ., aTranslation of The Search for Bridey Murphy